000 00429nam a22001817a 4500
003 koha_MIRAKIL
005 20231213095833.0
008 231213b |||||||| |||| 00| 0 ||| d
020 _b978-9-75403127-0
040 _aTR-IsEVY
_btur
_cTR-IsEVY
082 _a551.6 WAT/H
100 _aWatt, Fiona.
245 0 _aHava ve iklim
260 _bTÜBİTAK,
_c2014
300 _a48
650 _aYer Bilimleri.
942 _2ddc
_cBK
999 _c10273
_d10273